000 01243pam a2200373 a 4500
001 data
005 20260322212114.0
008 data
035 _a2437257
906 _a7
_bcbc
_corignew
_d1
_eocip
_f19
_gy-gencatlg
010 _a 88018481
020 _a0394820401 :
_c$10.95
020 _a0394920406 (lib. bdg.) :
_c$11.99
020 _a9780394820408
020 _a9780394920405
035 _9(DLC) 88018481
040 _aDLC
_cDLC
_dDLC
042 _alcac
050 0 0 _aPZ10.3.B7656
_bBab 1989
082 0 0 _a[E]
_219
100 1 _aBrown, Margaret Wise,
_d1910-1952.
245 1 0 _aBaby animals /
_cMargaret Wise Brown ; illustrated by Susan Jeffers.
260 _aNew York :
_bRandom House,
_cc1989.
300 _a[28] p. :
_bcol. ill. ;
_c29 cm.
336 _atext
_btxt
_2rdacontent
337 _aunmediated
_bn
_2rdamedia
338 _avolume
_bnc
_2rdacarrier
520 _aRelates the morning, noon, and evening activities of several young animals and a little girl.
650 0 _aAnimals
_xJuvenile fiction.
650 1 _aAnimals
_xFiction.
700 1 _aJeffers, Susan,
_eill.
991 _bc-GenColl
_hPZ10.3.B7656
_iBab 1989
_p00005587633
_tCopy 1
_wBOOKS
999 _c1718
_d1718